000 00489nam a2200133Ia 4500
003 GCL
008 140319s9999 xx 000 0 ara d
040 _aGCL /
_cGCL
082 0 4 _a658.5
_bع ا
245 1 0 _aالادارة فى مراحل الانتاج والتوزيع : فى المنشات الخاصة وفى الهيئات والمؤسسات العامة
260 _a[S.N] :
_bلجنة الاعلام والدراسات المستقبلية ،
_c1965
300 _a616 ص
490 _a
999 _c59120
_d59120